Search the Library Catalogue
| 000 -LEADER | |
|---|---|
| fixed length control field | 01034nam a2200169 a 4500 |
| 008 - FIXED-LENGTH DATA ELEMENTS--GENERAL INFORMATION | |
| fixed length control field | 250905s2025##################000#0#eng## |
| 020 ## - INTERNATIONAL STANDARD BOOK NUMBER | |
| ISBN | 9780120663200 |
| 082 04 - DEWEY DECIMAL CLASSIFICATION NUMBER | |
| Classification number | 543.0877 |
| Item number | ATT |
| 100 ## - MAIN ENTRY--AUTHOR NAME | |
| Personal name | Atta-ur Rahman |
| 245 10 - TITLE STATEMENT | |
| Title | Solving Problems With Nmr Spectroscopy |
| Statement of responsibility, etc | Atta-ur Rahman , Muhammad Iqbal Choudhary |
| 260 ## - PUBLICATION, DISTRIBUTION, ETC. (IMPRINT) | |
| Place of publication | New Delhi |
| Name of publisher | Academic Press Inc |
| Year of publication | 1996 |
| 300 ## - PHYSICAL DESCRIPTION | |
| Number of Pages | 430p |
| 520 ## - SUMMARY, ETC. | |
| Summary, etc | Solving Problems with NMR Spectroscopy presents the basic principles and applications of NMR spectroscopy with only as much math as is necessary. It shows how to solve chemical structures with NMR by giving clear examples and solutions. This text will enable organic chemistry students to choose the most appropriate NMR techniques to solve specific structures. The problems to work and the discussion of their solutions and interpretations will help readers become proficient in the application of important, modern 1D and 2D NMR techniques to structural studies. |
| 650 ## - SUBJECT ADDED ENTRY--TOPICAL TERM | |
| Topical Term | Chemistry |
| 942 ## - ADDED ENTRY ELEMENTS (KOHA) | |
| Koha item type | English Books |
| Withdrawn status | Lost status | Damaged status | Not for loan | Home library | Current library | Shelving location | Date acquired | Full call number | Accession Number | Price effective from | Koha item type |
|---|---|---|---|---|---|---|---|---|---|---|---|
| Anna Centenary Library | Anna Centenary Library | 5TH FLOOR, A WING | 05.09.2025 | 543.0877 ATT | 330082 | 05.09.2025 | English Books |